Vybrané problémy projektovania distribuovaného spracovania dát

Guardado en:
Detalles Bibliográficos
Autor principal: Čarnický, Štefan
Otros Autores: Gajdoš, Jozef, 1962-2025, Ferenc, Jaroslav
Formato: Capítulo de libro
Lenguaje:eslovaco
Etiquetas: Agregar Etiqueta
Sin Etiquetas, Sea el primero en etiquetar este registro!

MARC

LEADER 00000naa$a2200000$$$4500
001 0103783
005 20240502072130.1
041 0 |a slo 
044 |a SK 
245 1 0 |a Vybrané problémy projektovania distribuovaného spracovania dát  |c Štefan Čarnický, Jozef Gajdoš, Jaroslav Ferenc 
100 1 |a Čarnický, Štefan 
700 1 |a Gajdoš, Jozef, 1962-2025 
700 1 |a Ferenc, Jaroslav